Con los ojos abiertos
Salvato in:
| Autore principale: | |
|---|---|
| Natura: | Libro |
| Lingua: | spagnolo |
| Pubblicazione: |
Ciudad de México
Fondo de Cultura Económica
2015
|
| Edizione: | 1a. ed |
| Serie: | A Través del Espejo
|
| Soggetti: | |
| Tags: |
Aggiungi Tag
Nessun Tag, puoi essere il primo ad aggiungerne!!
|
MARC
| LEADER | 00000cam a2200000 a 4500 | ||
|---|---|---|---|
| 001 | UCD6286 | ||
| 003 | CL-VaPUC | ||
| 008 | 161124e20150000mx |||||||||||||||||spa|d | ||
| 020 | |a 9786071625779 | ||
| 082 | 0 | 4 | |a 808.0683 |b HIN |2 21 |
| 100 | |a Hinojosa, Francisco |e author |9 590062 | ||
| 245 | 1 | 0 | |a Con los ojos abiertos |
| 250 | |a 1a. ed | ||
| 300 | |a 70 p | ||
| 942 | |c BK | ||
| 945 | |d 20161124 22:47:00 |a arojas | ||
| 260 | |a Ciudad de México |b Fondo de Cultura Económica |c 2015 | ||
| 650 | 0 | |a Literatura infantil |9 307465 | |
| 650 | 0 | |a Literatura juvenil |9 309909 | |
| 650 | 0 | |a Cuentos juveniles |9 542856 | |
| 583 | |a last modification |c 20161124 22:47:00 |k Rodrigo Vera | ||
| 490 | 0 | |a A Través del Espejo | |
| 999 | |c 366643 |d 366641 | ||